| 000 | 00778cab a2200241 4500 | ||
|---|---|---|---|
| 001 | WB3507-28 | ||
| 008 | 090401t1999 xxu||||| |||| 00| 0 eng d | ||
| 035 | _a(Sirsi) u91348 | ||
| 041 | _aeng | ||
| 245 | _aEmpty homes fight starts | ||
| 260 | _c1999 | ||
| 350 | _a0 | ||
| 490 |
_aGuardian _v15 February 1999, 7(1) |
||
| 520 | _aA new campaign group, Community Action on Empty Homes, is launching an initiative to highlight the growing number of empty houses in Britain. The group is an alliance of militant environmental campaigners and countryside groups. | ||
| 650 | _aCOUNCIL HOUSES | ||
| 650 | _aEMPTY HOMES | ||
| 650 | _aHOUSEHOLD PROJECTIONS | ||
| 650 | _aNEW HOMES | ||
| 650 | _aSOCIAL HOUSING | ||
| 690 | _aHOUSING | ||
| 942 | _n0 | ||
| 948 | _c16/02/1999 | ||
| 999 |
_c57975 _d57975 |
||